Färbe Asien (schwer) - Statistiken

Allgemein
  • Dieses Quiz wurde 73 mal gespielt
  • Das Durchschnittsergebnis liegt bei 33 aus 48
Antworten auf der Karte
Die Antworten werden auf der Karte rot bzw. grün angezeigt, abhängig davon wie oft sie richtig erraten wurden.
 
Antwortstatistiken
Hinweis Antwort % Korrekt
Kleiner Staat auf Borneo, reich durch Öl, regiert vom Sultan Brunei
98%
Träne Indiens Sri Lanka
97%
Austragungsort der Fußball-WM 2022 Katar
95%
Konflikt mit Indien um Kaschmir Pakistan
90%
Der Komodowaran ist nur hier heimisch. Indonesien
88%
Zentralasiatischer Staat und eine ehemalige sowjetische Teilrepublik mit So'm als Währung Usbekistan
88%
Die Hafenstadt Mokka (al-Mukhā) war im 15.–17. Jahrhundert das Zentrum des weltweiten Kaffeeexports. Noch heute erinnert die Kaffeesorte „Mokka“ an diese Herkunft Jemen
87%
Hier ist die größte Metropolregion der Welt Japan
83%
Das Landes-Maskottchen „Merlion“ ist halb Löwe, halb Fisch. Singapur
82%
Hier ist die einzige Stadt der Welt, die auf zwei Kontinenten liegt Türkei
82%
Nationalgericht: Kabuli Palau Afghanistan
80%
Das Arirang-Massengymnastik-Festival ist weltweit einzigartig in seiner Choreographie Nordkorea
73%
hält den traurigen Rekord für die meisten beschädigten oder gefährdeten UNESCO-Stätten weltweit Syrien
70%
Die Hauptstadt Duschanbe bedeutet „Montag“, benannt nach einem Markttag und liegt östlich von Usbekistan Tadschikistan
70%
Inselstaat im Persischen Golf, berühmt für Öl, Banken und Formel 1 Bahrain
68%
seine Hauptstadt ist heilig für drei Weltreligionen Israel
68%
Dieser Inselstaat ist das einzige Land Südost-Asiens mit mehrheitlich christlicher Bevölkerung. Philippinen
68%
Hier wurde als Erstes weltweit das Christentum zur Staatsreligion erklärt Armenien
67%
Ein Königreich, in dem das „Bruttonationalglück“ wichtiger ist als das Bruttoinlandsprodukt Bhutan
65%
„Ich schenkte der Welt den Wein und habe mit Mkhedruli meine eigene Schrift." Georgien
65%
Beherbergte das antike Mesopotamien: „Land zwischen den Flüssen“ (Euphrat & Tigris). Hier entstanden die ersten Städte, die erste Schrift (Keilschrift) und frühe Gesetze wie der Codex Hammurabi Irak
65%
Größtes Binnenland der Welt Kasachstan
65%
Die National-Flagge zeigt eine Jurte von oben, ein Symbol für Nomadentum Kirgisistan
65%
Das am dünnsten besiedelte Land der Erde Mongolei
65%
Hier ist die heiligste Stadt des Islams Saudi-Arabien
65%
Das erste arabische Land mit einer gewählten Nationalversammlung (1962) Kuwait
63%
Das einzige Land in Südostasien ohne Küste Laos
63%
Viele Länder verwenden noch den Namen „Burma“, obwohl die Militärregierung ihn 1989 änderte. Auch die Flagge wurde mehrfach gewechselt, Symbol für die wechselhafte Geschichte des Landes Myanmar
63%
„Ich bin jung an Jahren, doch mein Geist ist alt. Getauft im tropischen Regen und im portugiesischen Klang.“ Osttimor
63%
"Ich bin klein und selbstbewusst, aber lebe im Schatten eines Drachen.“ Taiwan
63%
Wahlheimat vieler Influencer Vereinigte Arabische Emirate
63%
Die Flammentürme sind eines der beliebtesten Wahrzeichen des Landes am Kaspischen Meer Aserbaidschan
62%
beheimatet mit den "Sundarbans" die größten Mangrovenwälder der Erde Bangladesch
62%
Geburtsland des Papiers, des Kompasses und des Schießpulvers China
62%
Der Kumbh Mela gilt als das größte religiöse Fest der Welt und findet hier statt Indien
62%
entspricht dem ehemaligen Perserreich Iran
62%
Hier ist Petra, die „rosarote Stadt“ - komplett in Fels gemeißelt – ein Weltwunder der Neuzeit Jordanien
62%
"Ich bewache die Tempel von Angkor – uralt, überwuchert, unvergessen." Kambodscha
62%
Hier lebten die Phönizier Libanon
62%
Die hier gebauten Petronas Towers waren einst die höchsten Gebäude der Welt Malaysia
62%
Inselkette im Indischen Ozean: so schön wie bedroht vom Meeresspiegel Malediven
62%
Hier liegt der höchste Punkt der Erde Nepal
62%
Hauptstadt: Maskat Oman
62%
Das Nationalgericht Kimchi wurde als immaterielles Kulturerbe anerkannt Südkorea
62%
Das Neujahrsfest „Songkran“ wird mit Wasserschlachten gefeiert Thailand
62%
In der Hauptstadt Aschgabat sind fast alle Gebäude aus weißem Marmor Turkmenistan
62%
hat eine S-förmige Küstenlinie von über 3.000 km Länge Vietnam
62%
Teil der EU, aber geografisch Teil Asiens Zypern
62%
Keine übereinstimmenden Quizze gefunden
Verteilung der Resultate
Anzahl Personen mit jedem Resultat
Perzentil nach korrekt beantworteten Fragen
Ihre Resultats-Entwicklung
Sie haben dieses Quiz noch nicht gespielt